Indian National Movement & Glimpses of Indian culture: (Record no. 78345)

MARC details
000 -LEADER
fixed length control field 00712nam a22001937a 4500
005 - DATE AND TIME OF LATEST TRANSACTION
control field 20130813170946.0
010 ## - LCCN (DPL NO)
LC control number B-508440-441
020 ## - INTERNATIONAL STANDARD BOOK NUMBER
International Standard Book Number 9788183486323
Terms of availability 245.00
035 ## - SYSTEM CONTROL NUMBER
System control number B-508440-441
037 ## - SOURCE OF ACQUISITION
Source of stock number/acquisition KKP/Ven
082 ## - DEWEY DECIMAL CLASSIFICATION NUMBER
Classification number 954.0841
100 ## - MAIN ENTRY--PERSONAL NAME
Personal name Sanjay Singh
245 ## - TITLE STATEMENT
Title Indian National Movement & Glimpses of Indian culture:
Remainder of title for Civil Services Examination/
260 ## - PUBLICATION, DISTRIBUTION, ETC. (IMPRINT)
Place of publication, distribution, etc New Delhi
Name of publisher, distributor, etc Arihant Publications
270 ## - ADDRESS
Address 4577/15, Agarwal Road, Darya Ganj,
City New Delhi
Postal code 110002
Telephone number 011-47630600,23280316
Fax number 011-23280316
300 ## - PHYSICAL DESCRIPTION
Extent 150p.
Dimensions 24cm.(pbk)
942 ## - ADDED ENTRY ELEMENTS (KOHA)
Source of classification or shelving scheme Dewey Decimal Classification
Item type English Books
Call number suffix SAN
Classification part 954.0841
Holdings
Withdrawn status Lost status Not for loan Collection code Home library Current library Date acquired Source of acquisition Cost, normal purchase price Full call number Barcode Copy number Cost, replacement price Koha item type
      Non-fiction Sarojini Nagar Sarojini Nagar 13/08/2013 KKP/3014/19.03.2013/72/18.03.2013/22.03.2013 245.00 954.0841 SAN B-508440 1 245.00 English Books
    Not For Loan Non-fiction South Zone Lib (REF) South Zone Lib (REF) 13/08/2013 KKP/3014/19.03.2013/72/18.03.2013/22.03.2013 245.00 954.0841 SAN B-508441 1 245.00 English Books

© Delhi Public Library
Hit Counter
free hit counter